| 000 | 01757nam a2200481 i 4500 | ||
|---|---|---|---|
| 001 | 15294 | ||
| 003 | KOSZ 005 | ||
| 005 | 20200624110557.0 | ||
| 008 | 200408s1972 pl a f f 000 0 pol | ||
| 015 | _aUWD 1973/2708 | ||
| 035 | _a991032979919705066 | ||
| 035 | _a(PL-WaBN)b1883971x-48omnis_nlop | ||
| 035 | _ab1883971x | ||
| 035 | _a(OCoLC)749370044 | ||
| 035 | _a(PL)b0000001883971 | ||
| 035 | _a(EXLNZ-48OMNIS_NETWORK)9910028612905606 | ||
| 040 |
_aWA N _cWA N _dKOSZ 005/RW |
||
| 046 | _k1972 | ||
| 080 | _a54 | ||
| 080 | _a(075.8) | ||
| 100 | 1 |
_aBanaszkiewicz, Adam _d(1946-2013) _eAutor |
|
| 245 | 1 | 0 |
_aĆwiczenia laboratoryjne z chemii ogólnej : _bskrypty / _cAdam Banaszkiewicz, Jerzy Domagała, Zofia Skoczek ; Politechnika Częstochowska. Wydział Metalurgiczny. |
| 260 |
_aCzęstochowa : _bPolitechnika Częstochowska. Wydział Metalurgiczny, _c1972. |
||
| 300 |
_a[2], 95 stron : _bilustracje ; _c24 cm. |
||
| 336 |
_aTekst _btxt _2rdacontent |
||
| 337 |
_aBez urządzenia posredniczącego _bn _2rdamedia |
||
| 338 |
_aWolumin _bnc _2rdacarrier |
||
| 380 | _aKsiążki | ||
| 380 | _aPublikacje dydaktyczne | ||
| 388 | _a1901-2000 | ||
| 388 | _a1945-1989 | ||
| 504 | _aBibliografia na stronie [95]. | ||
| 650 | 7 |
_aChemia fizyczna _2DBN |
|
| 655 | 7 |
_aĆwiczenia laboratoryjne _2DBN |
|
| 658 | _aChemia | ||
| 700 | 1 |
_aDomagała, Jerzy _eAutor |
|
| 700 | 1 |
_aSkoczek, Zofia _eAutor |
|
| 710 | 2 | _aPolitechnika Częstochowska | |
| 710 | 2 |
_aWydawnictwo Politechniki Częstochowskiej _4pbl |
|
| 856 |
_uhttp://koha.tu.koszalin.pl/cgi-bin/koha/opac-detail.pl?biblionumber=15294 _yKatalog online BPK |
||
| 942 |
_2UKD _cKS |
||
| 999 |
_c15294 _d15294 |
||